000 00541nam a2200181Ia 4500
008 140529s9999 xx 000 0 und d
020 _a9710855697
050 _aPL 6056
_b.P191 2004
100 _aPanganiban, Consuelo T.
245 _aEnglish-Pilipino dictionary /
_cConsuelo T. Panganiban
250 _aUpdated ed.
260 _aMandaluyong City, Philippines :
_bNational Book Store,
_cc2004.
300 _a641 p. ;
_c23 cm.
500 _aIncludes bibliographical references.
521 _aGE
942 _kLOC
_cBK
999 _c117807
_d117807